Experiencias internaconales en supervisión escolar : sistematización y análisis comparado /

La presente publicación es producto de un estudio encargado por la Coordinación Nacional de Supervisión de la División de Educación General a la Dirección de Estudios Sociológicos de la Pontificia Universidad Católica de Chile.\Los responsables del estudio fueron: Miguel Angel Ruz, Angela Madrid, Lu...

Full description

Bibliographic Details
Corporate Author: Gobierno de Chile. Ministerio de Educación
Format: Libro
Language:Spanish
Published: [Santiago, Chile] Coordinación Nacional de Supervisión 2007
Subjects:

MARC

LEADER 00000cam a2200000 a 4500
001 015186
003 UAHC_CL
005 20170803121226.0
008 140930s2007 cl 000 spa
040 |a UAHC_CL  |c UAHC_CL  |d UAHC_CL 
082 0 4 |a 371.206  |b E96  |2 20 
245 1 0 |a Experiencias internaconales en supervisión escolar :  |b sistematización y análisis comparado /  |c Ministerio de Educación. 
260 |b Coordinación Nacional de Supervisión  |a [Santiago, Chile]  |c 2007 
300 |a 147 p. 
500 |a mds 
520 |a La presente publicación es producto de un estudio encargado por la Coordinación Nacional de Supervisión de la División de Educación General a la Dirección de Estudios Sociológicos de la Pontificia Universidad Católica de Chile.\Los responsables del estudio fueron: Miguel Angel Ruz, Angela Madrid, Luz Eugenia Cereceda, Marcela Pardo, Fernando Valenzuela. 
650 4 |a EDUCACION 
650 4 |a SUPERVISION ESCOLAR 
653 |a PEDAGOGIA EN EDUCACION BASICA 
710 1 |a Gobierno de Chile. Ministerio de Educación 
900 |a 371.206 EXP 
942 |c BK 
952 |0 0  |1 0  |2 ddc  |4 0  |6 371_206000000000000_EXP  |7 0  |8 COMP  |9 30320  |a BC  |b BC  |c General  |d 2017-08-03  |o 371.206 EXP  |p 1408492  |r 2026-01-13 00:00:00  |t 1  |w 2017-08-03  |y BK 
999 |c 15186  |d 15186